000 00609nam a2200193Ia 4500
003 GCL
008 140319s9999 xx 000 0 ara d
040 _aGCL /
_cGCL
082 0 4 _aط
_b813.0872
_bد ق
100 1 _aدار المعارف
245 1 0 _aالمغامرون الخمسة فى لغز ثعلب الصحراء /
_cدار المعارف
260 _aالقاهرة :
_bدار المعارف ،
_c1989
300 _a96 ص
490 _aقصص بوليسية للاولاد
_v0
650 0 4 _aالاطفال
650 0 4 _aالقصص البوليسية
650 0 4 _aالقصص
942 _2ddc
_cBK
999 _c58170
_d58170